Spiderman Quiz - Statistics

General Stats
  • This quiz has been taken 490 times
    451 since last reset
  • The average score is 11 of 23
Answer Stats
Question Answer % Correct
In the MCU, How Many Spidey Suits Does Peter Have? 5
92%
What is Peter's Moms Name? Mary
85%
How Old Was Peter When He Got Bit? 15
81%
Name Peter's Love Interests. Gwen Stacy
81%
Name Peter's Love Interests. Mary Jane Watson
79%
Which Symbiote Took Over Peter? Venom
77%
Name Peter's Best Friends. Harry Osborn
70%
How did Peter's Parents Die? A Plane Crash
67%
What is Peter's Middle Name? Benjamin
67%
Where Does Peter First Work? The Daily Bugle
64%
Who is Peter's Bully? Flash Thompson
58%
Which Villain Tried to Marry Aunt May? Doctor Octopus
51%
Who is Peter's First Boss? John Jonah Jameson
48%
What Universe is the Original? Earth {616}
42%
Name Peter's Best Friends. Ned Leeds
36%
What is Peter's Dads Name? Richard
26%
Name the Clones of Peter. Scarlet Spider
24%
Name Peter's Love Interests. Felicia Hardy
23%
Who Was the First Villain Spiderman Fought in the Comics? Chameleon
19%
Who Cloned Peter? Jackal
17%
Name Peter's Love Interests. Liz Allen
14%
Name the Clones of Peter. Kaine
9%
Name the Clones of Peter. Spidercide
4%
No matching quizzes found
Score Distribution
Percent of People with Each Score
Percentile by Number Answered
Your Score History
You have not taken this quiz since the last reset